000 01077pab a2200157 454500
008 180718b2001 xxu||||| |||| 00| 0 eng d
100 _aCancian, Maria
245 _aRhetoric and reality of work-based welfare reform
260 _c2001
300 _ap.309-14
362 _aOct
520 _aThe argument presented in this article is that although work is one path toward improved well-being for poor families, a successful and humane social welfare policy must recognize and respond to its limitations. The prowork rhetoric surrounding current efforts to move women from welfare to work rests on at least three propositions: Work is the norm, work is good for families, and work leads to self-sufficiency. The article reviews empirical evidence on each of these propositions and concludes that many former welfare participants will earn low wages in unstable employment and will require a broad range of supports to move from welfare to self-sufficiency and improved family well-being. - Reproduced
650 _aSocial welfare
773 _aSocial Work
909 _a50446
999 _c50446
_d50446